Načítá se...

Governance and development: lessons and experience of kerala/

Podrobná bibliografie
Další autoři: Suresh Kumar, R K and Suresh Kumar, P, ed (Editor)
Médium: Printed Book
Jazyk:English
Vydáno: New Delhi: A P H, 2007.
LEADER 00564nam a22001457a 4500
003 OSt
008 160818b xxu||||| |||| 00| 0 eng d
020 |a 81-313-0071-4 
245 |a Governance and development: lessons and experience of kerala/ 
260 |a New Delhi:  |b A P H,  |c 2007. 
300 |a 367p. 
942 |2 ddc  |c BK 
999 |c 340138  |d 340138 
700 |e editor.  |a Suresh Kumar, R K and Suresh Kumar, P, ed. 
952 |0 0  |1 0  |4 0  |6 320_548300000000000_SUR_G  |7 0  |9 390541  |a POL  |b POL  |c ST1  |d 2011-11-03  |g 0.00  |i POL1082  |l 9  |o 320.5483 SUR/G  |p POL1082  |r 2017-12-08  |s 2017-11-23  |w 2018-08-20  |y BK